000 00939cab a2200337 4500
001 ABS49767
008 090401t1993 xxu||||| |||| 00| 0 eng d
035 _a(Sirsi) u72691
041 _aeng
245 _aEstates Times Review: Scotland
260 _c1993
300 _aLOAN
350 _a0
490 _aEstates Times
_vReview November 1993 (50)
650 _aABERDEEN
650 _aBUSINESS PARKS
650 _aDUNDEE
650 _aEDINBURGH
650 _aENTERPRISE ZONES
650 _aGLASGOW
650 _aINDUSTRIAL MARKET
650 _aINVESTMENT MARKET
650 _aNEW TOWNS
650 _aPROPERTY-COMMERCIAL PROPERTY-OFFICE PROPERTY-OFFICE PROPERTY MARKET
650 _aOIL INDUSTRY
650 _aPROPERTY-COMMERCIAL PROPERTY-RETAIL PROPERTY-RETAIL PROPERTY MARKET
650 _aSCOTLAND
690 _aPROPERTY-COMMERCIAL PROPERTY-COMMERCIAL PROPERTY MARKET
942 _n0
948 _c04/03/1997
999 _c45943
_d45943